000 00471nam a22001817a 4500
003 SGT
020 _a9786206153009
082 _a617.645
_bM23V
100 _aVaid, Parika
245 _aManagement of Non-Pitted White Spot Lesions on Young Permanent Incisor
260 _bLambert Academic Publishing
_c2023
300 _a109
650 _aPediatric Dentistry
653 _aPediatric Dentistry
700 _aGupta, Anil
700 _aDogra, Shikha
942 _2ddc
_cBK
999 _c23901
_d23901